Učebnice ortodoncie /

Hlavní autor: Adam, Miroslav, 1914-1990
Další autoři: Škaloud, Ferdinand, 1903-1984, Wachsmann, Karel, 1857-1938
Jazyk: Čeština
Vydáno: Praha : Státní zdravotnické nakladatelství, 1955
Témata:
Externí odkaz: Digitalizovaný dokument
Fyzický popis: 214 s. : il.
Knihy
Uloženo v:
LEADER 01140nam a22003012a 4500
001 001436860
003 CZ BrMZK
005 20150618142917.0
007 ta
008 141112s1955 xr a er|||||||||||cze d
015 |a cnb000718179 
035 |a (OCoLC)85442908 
040 |a ABA001  |b cze  |d ABA001  |d ABD006  |d BOA001 
080 9 |a 616.31-001 
100 1 |a Adam, Miroslav,  |d 1914-1990  |7 jk01010024  |4 aut 
245 1 0 |a Učebnice ortodoncie /  |c Miroslav Adam, Ferdinand Škaloud, Karel Wachsmann 
260 |a Praha :  |b Státní zdravotnické nakladatelství,  |c 1955 
300 |a 214 s. :  |b il. 
500 |a Dostupné též v digitální podobě v aplikaci Kramerius 
650 0 7 |a ortodoncie  |2 czenas 
650 0 7 |a hlava  |2 czenas 
700 1 |a Škaloud, Ferdinand,  |d 1903-1984  |7 jk01130270  |4 aut 
700 1 |a Wachsmann, Karel,  |d 1857-1938  |7 jk01151354  |4 aut 
856 4 1 |u http://www.digitalniknihovna.cz/mzk/uuid/uuid:d92f2380-3d95-11ed-b06c-005056827e52  |y Digitalizovaný dokument  |x NDK 
910 |a BOA001  |b 2-0342.437 
990 |a BK 
991 |b 201411 
996 6 |b 2618982022  |c 2-0342.437  |l MZK  |r Sklad / do 24 hodin  |n 1  |w 001471639  |u 000020  |a 1  |e BOA001  |j MZK50  |s P